[Event "GCT Zagreb 2019"]
[Site "Zagreb"]
[Date "2019.06.26"]
[Round "1.1"]
[White "Giri, Anish"]
[Black "Carlsen, Magnus"]
[Result "0-1"]
[WhiteElo "2779"]
[BlackElo "2875"]
[Annotator "TA"]
[PlyCount "46"]
[EventDate "2019.06.26"]
[EventType "tourn"]
[EventCountry "CRO"]
[SourceTitle "playchess.com"]
[Source "ChessBase"]
[SourceQuality "1"]

{[%evp 10,46,9,16,4,0,43,39,85,64,61,41,81,44,49,47,35,63,55,55,22,22,28,-5,0,-58,-14,-12,-20,-115,-122,-330,-329,-326,-321,-315,-325,-433,-420]} 1. e4 c5 2. Nf3 Nc6 3. Bb5 e6 4. Bxc6 bxc6 5. d3 Ne7 6. h4 h5 {B30: Sicilian: 2...Nc6 3 Bb5, lines without ...g6} 7. e5 d6 8. exd6 Ng6 {White is slightly better.} 9. Nfd2 $146 ({Predecessor:} 9. Bg5 f6 10. Qe2 Bxd6 11. Qe4 Ne7 12. Nbd2 fxg5 13. hxg5 e5 {0-1 (33) Lu,S (2514)-Yu,Y (2615) Beijing 2012}) 9... Bxd6 10. Nc4 Be7 11. Nc3 Ba6 12. Qf3 Bxc4 13. Qxc6+ Kf8 {...Rc8 is the strong threat.} 14. dxc4 Nxh4 15. O-O Nf5 16. Ne2 (16. Rd1 $5 {[%cal Rd1d8]} Qe8 17. Qe4 $11) 16... Rc8 17. Qa4 (17. Qe4 $11) 17... Rc7 18. Bf4 Rd7 19. c3 {[#]} (19. Ng3 $11) 19... g5 $1 $36 {[%cal Rg5f4][%mdl 2048] Black has strong initiative.} 20. Rad1 $2 (20. Be5 $17 f6 21. Rad1 Rxd1 22. Rxd1) 20... Rxd1 $19 21. Rxd1 {[#]} Qa8 $1 22. Bc7 h4 23. f3 h3 {Accuracy: White = 39%, Black = 64%.} 0-1

[Event "GCT Zagreb 2019"]
[Site "Zagreb"]
[Date "2019.06.26"]
[Round "1.2"]
[White "Caruana, Fabiano"]
[Black "Nakamura, Hikaru"]
[Result "1-0"]
[WhiteElo "2819"]
[BlackElo "2754"]
[Annotator "TA"]
[PlyCount "79"]
[EventDate "2019.06.26"]
[EventType "tourn"]
[EventCountry "CRO"]
[SourceTitle "playchess.com"]
[Source "ChessBase"]
[SourceQuality "1"]

{[%evp 18,79,32,23,27,25,35,31,32,32,35,29,22,35,58,16,20,12,24,3,9,0,0,0,0,0,0,0,0,0,0,0,111,100,243,231,320,300,390,389,371,389,361,179,284,285,325,332,523,524,515,513,538,520,774,774,1200,1064,1640,1422,29977,29977,5297,2477]} 1. d4 Nf6 2. c4 e6 3. Nf3 d5 4. Nc3 Be7 5. Bf4 O-O 6. e3 c5 7. dxc5 Bxc5 8. a3 $146 ({Predecessor:} 8. Qc2 Nc6 9. Rd1 Qa5 {½-½ (42) Aronian,L (2764)-Nakamura,H (2769) Stavanger 2018}) 8... Nc6 9. Qc2 Qa5 10. Rd1 Re8 {D37: Queen's Gambit Declined: 5 Bf4} 11. Nd2 e5 12. Bg5 {Strongly threatening Nb3.} Nd4 $1 {[%cal Rd4c2] White is slightly better.} 13. Qb1 (13. exd4 exd4+ 14. Be2 (14. Ne2 $2 Ng4 $19) 14... dxc3 $17) 13... Bf5 14. Bd3 Bxd3 $1 15. Qxd3 Ne4 $1 (15... e4 $2 16. Qb1 $18) 16. Nxd5 (16. exd4 exd4 17. O-O dxc3 $17) 16... Nxg5 17. b4 Qd8 $1 18. bxc5 Nde6 19. Qf5 Nxc5 20. h4 Nge6 21. Nf3 Qa5+ 22. Ke2 {And now Ng5! would win.} f6 {...Qa4 is the strong threat.} (22... Qxa3 23. Ng5 $1 $18 {[%mdl 512]}) 23. h5 $1 $40 {[%cal Rh5h6][%mdl 128] Threatens to win with h6. White mounts an attack.} e4 $1 {[%cal Re4f3]} (23... Qxa3 $6 24. h6 $16) 24. Nd2 {Black must now prevent h6.} Qxa3 (24... Ng5 $1 $11 {keeps the balance.}) 25. Rh4 $1 $16 Rad8 (25... Rf8 $16) 26. Nxe4 $18 Qa2+ {[#]} 27. Ke1 $1 {Intending Nexf6+! and mate.} Qa5+ 28. Kf1 Nxe4 29. Rxe4 Qa4 {[%cal Ra4d1] [#]} 30. Rb1 (30. Nxf6+ $142 $1 {[%mdl 512]} gxf6 31. Rxd8 (31. Rg4+ $2 Ng7 $19) 31... Nxd8 32. Rg4+ Kf8 33. Qxf6+ Nf7 34. Qg7+ {[%mdl 64] Double Attack} Ke7 35. Re4+ Kd8 36. Rd4+ Ke7 37. f3 (37. Qxh7 Rd8 $11)) 30... Ng5 (30... Qc6 {is a better defense.} 31. h6 Rd7) 31. Rd4 Nf7 32. Rxb7 {White wants to mate with Nxf6+!} Qa6 (32... Qa1+ {was called for.} 33. Rb1 Qa2) 33. Qb1 Rf8 34. Kg1 Kh8 35. c5 Rc8 36. Nf4 Ne5 {[#]} 37. h6 $1 {[%mdl 512]} g6 (37... gxh6 38. Qxh7#) 38. Rd6 Qc4 39. Re6 Rxc5 40. Ree7 {Accuracy: White = 74%, Black = 53%.} 1-0

[Event "GCT Zagreb 2019"]
[Site "Zagreb"]
[Date "2019.06.26"]
[Round "1.3"]
[White "So, Wesley"]
[Black "Ding, Liren"]
[Result "1-0"]
[WhiteElo "2754"]
[BlackElo "2805"]
[Annotator "RC"]
[PlyCount "99"]
[EventDate "2019.06.26"]
[EventType "tourn"]
[EventCountry "CRO"]
[SourceTitle "playchess.com"]
[Source "ChessBase"]
[SourceQuality "1"]
[TimeMode "Bronstein"]
[TimeControl "7200+30"]

1. c4 {[%emt 0:00:00]} e5 {[%emt 0:00:00]} 2. g3 {[%emt 0:00:00]} Nf6 {[%emt 0:00:00]} 3. Bg2 {[%emt 0:00:00]} Bc5 {[%emt 0:00:00]} 4. Nc3 {[%emt 0:00:00]} c6 {[%emt 0:00:00]} 5. e3 {[%emt 0:00:00]} O-O {[%emt 0:00:00]} 6. Nge2 {[%emt 0:01:51]} d5 {[%emt 0:00:00]} 7. cxd5 {[%emt 0:00:30]} Nxd5 {[%emt 0:00:00]} 8. d4 {[%emt 0:08:17]} exd4 {[%emt 0:00:00]} 9. Nxd5 {[%emt 0:00:36]} cxd5 {[%emt 0:00:00]} 10. exd4 {[%emt 0:00:30]} Bb6 {[%emt 0:00:00]} 11. Nc3 {[%emt 0:08:36]} Nc6 {[%emt 0:11:40]} 12. Be3 {[%emt 0:01:34]} Be6 {[%emt 0:00:30]} 13. O-O {[%emt 0:00:30]} Qd7 {[%emt 0:00:30]} 14. Na4 {[%emt 0:05:40]} Rfd8 {[%emt 0:00:30]} 15. Nxb6 {[%emt 0:06:33]} axb6 {[%emt 0:00:30]} 16. Qb3 {[%emt 0:00:35]} Ra6 {[%emt 0:10:03]} 17. Rfc1 {[%emt 0:02:54]} Bh3 {[%emt 0:07:59]} 18. Bf3 {[%emt 0:04:14]} Bg4 {[%emt 0:08:15]} 19. Bg2 {[%emt 0:00:30]} Bh3 {[%emt 0:00:30]} 20. Bf3 {[%emt 0:00:30]} Bg4 {[%emt 0:00:30]} 21. Bh1 {[%emt 0:00:30]} h5 {[%emt 0:05:42]} 22. h4 {[%emt 0:02:22]} Be2 {[%emt 0:11:08]} 23. Kh2 {[%emt 0:08:03]} Qf5 {[%emt 0:10:58]} 24. Bg2 {[%emt 0:22:06]} Na5 {[%emt 0:04:52]} 25. Qc3 {[%emt 0:05:34]} Nc6 {[%emt 0:01:18]} 26. b3 {[%emt 0:01:30]} b5 {[%emt 0:02:05]} 27. Qd2 {[%emt 0:03:04]} Bf3 {[%emt 0:04:44]} 28. Bf1 {[%emt 0:02:17]} Rb6 {[%emt 0:01:52]} 29. Bf4 {[%emt 0:04:15]} Rc8 {[%emt 0:13:23]} 30. Rc3 {[%emt 0:03:09]} Bg4 {[%emt 0:00:30]} 31. f3 {[%emt 0:00:38]} b4 {[%emt 0:00:30]} 32. Rd3 {[%emt 0:04:23]} Bxf3 {[%emt 0:01:08]} 33. Rxf3 {[%emt 0:00:30]} Ne5 {[%emt 0:00:30]} 34. dxe5 {[%emt 0:00:49]} Rc2 {[%emt 0:00:30]} 35. Rf2 {[%emt 0:01:38]} Rxd2 {[%emt 0:00:30]} 36. Rxd2 {[%emt 0:00:30]} Rc6 {[%emt 0:01:58]} 37. Bh3 {[%emt 0:02:09]} Qg6 {[%emt 0:00:30]} 38. Rad1 {[%emt 0:00:30]} Ra6 {[%emt 0:00:36]} 39. Bg2 {[%emt 0:01:12]} d4 {[%emt 0:00:21]} 40. Bxb7 {[%emt 0:00:30]} Ra5 {[%emt 0:00:30]} 41. Rxd4 {[%emt 0:02:28]} Rxa2+ {[%emt 0:00:30]} 42. R1d2 {[%emt 0:00:30]} Qb6 {[%emt 0:01:56]} 43. Rxa2 {[%emt 0:00:30]} Qxd4 {[%emt 0:00:30]} 44. Rd2 {[%emt 0:00:30]} Qc3 {[%emt 0:00:30]} 45. Bd5 {[%emt 0:01:56]} Kf8 {[%emt 0:00:30]} 46. Bc4 {[%emt 0:00:30]} Ke7 {[%emt 0:00:30]} 47. Bg5+ {[%emt 0:00:30]} f6 {[%emt 0:00:30]} 48. exf6+ {[%emt 0:00:30]} gxf6 {[%emt 0:00:30]} 49. Re2+ {[%emt 0:00:30]} Kd7 {[%emt 0:00:30]} 50. Bd2 {[%emt 0:00:30]} 1-0

[Event "GCT Zagreb 2019"]
[Site "Zagreb"]
[Date "2019.06.26"]
[Round "1.4"]
[White "Vachier-Lagrave, Maxime"]
[Black "Aronian, Levon"]
[Result "1/2-1/2"]
[WhiteElo "2779"]
[BlackElo "2752"]
[Annotator "TA"]
[PlyCount "99"]
[EventDate "2019.06.26"]
[EventType "tourn"]
[EventCountry "CRO"]
[SourceTitle "playchess.com"]
[Source "ChessBase"]
[SourceQuality "1"]

{[%evp 21,99,11,29,9,25,18,16,19,32,0,0,7,27,0,0,0,0,0,0,0,0,0,0,-15,-10,-17,0,0,-6,-3,-6,-27,0,0,0,0,0,0,0,0,0,0,8,9,9,7,8,8,8,6,7,8,15,16,14,12,14,10,18,6,10,15,47,0,0,0,0,0,0,-14,0,0,0,0,0,0,0,0,0,0]} 1. e4 e5 2. Nf3 Nc6 3. Bb5 Nf6 4. O-O Nxe4 5. d4 Nd6 6. Bxc6 dxc6 7. dxe5 Nf5 8. Qxd8+ Kxd8 9. h3 Ne7 10. Rd1+ Ke8 11. Nc3 Ng6 12. b3 {C67: Ruy Lopez: Berlin Defence: 4 0-0 Nxe4} (12. Be3 {looks sharper.} h5 13. Rd2 Be6 14. Ne4 Be7 15. b3) 12... Be7 13. Ne4 {[#]} h5 $146 ({Predecessor:} 13... a5 14. Re1 a4 15. Bb2 Be6 16. Nd4 Nf4 17. Rad1 h5 18. h4 Nd5 19. c4 Nb4 {½-½ (42) Vachier Lagrave,M (2773)-Naiditsch,A (2695) Karlsruhe/Baden Baden 2019}) 14. Re1 Kf8 15. Bb2 c5 16. Rad1 Bf5 17. c4 Nf4 18. Bc1 Ne6 19. Neg5 Rh6 20. Ne4 Rh8 21. Neg5 Rh6 22. Nxe6+ Rxe6 23. Bg5 Re8 24. Rd5 b6 25. Kh2 a5 {[%cal Ba7a5,Ba5a4][%mdl 32]} 26. Kg3 a4 27. Kf4 Bc2 {[#] Strongly threatening ...f6.} 28. Bxe7+ Kxe7 29. Re3 axb3 30. axb3 f6 31. h4 Ra8 32. b4 {Threatening exf6+.} Ra4 33. Rc3 c6 34. Rd2 Bg6 35. bxc5 bxc5 36. Rb2 Kf8 37. Rb8+ Re8 38. Rb6 Re6 39. Kg3 Bf7 40. exf6 gxf6 41. Nd2 Re2 42. Rb8+ Kg7 {The position is equal.} 43. Rd8 Ra2 44. Rcd3 Be6 45. Re3 Rexd2 46. Rxd2 Rxd2 47. Rxe6 Rd4 48. Rxc6 Rxc4 49. Kf3 Rxh4 50. Rxc5 {Accuracy: White = 67%, Black = 70%.} 1/2-1/2

[Event "GCT Zagreb 2019"]
[Site "Zagreb"]
[Date "2019.06.26"]
[Round "1.5"]
[White "Anand, Viswanathan"]
[Black "Nepomniachtchi, Ian"]
[Result "0-1"]
[WhiteElo "2767"]
[BlackElo "2775"]
[Annotator "TA"]
[PlyCount "64"]
[EventDate "2019.06.26"]
[EventType "tourn"]
[EventCountry "CRO"]
[SourceTitle "playchess.com"]
[Source "ChessBase"]
[SourceQuality "1"]

{[%evp 10,64,40,36,42,38,34,34,31,26,50,0,3,25,12,2,93,75,81,83,85,31,39,0,0,6,14,14,14,0,0,-60,17,-71,-63,-66,-68,-68,-63,-66,-66,-66,-39,-48,-57,-41,-39,-91,-78,-87,-84,-226,-216,-246,-256,-519,-507]} 1. e4 e5 2. Nf3 Nc6 3. Bc4 Nf6 4. d3 h6 5. c3 d6 6. Nbd2 g5 {C55: Two Knights: 4 d3, 4 d4 exd4 5 e5 and Max Lange Attack} 7. h3 Bg7 8. Bb3 O-O {White is slightly better.} 9. Nf1 Ne7 10. h4 $146 ({Predecessor:} 10. Ne3 Be6 11. h4 g4 12. Nh2 h5 13. f3 d5 14. fxg4 hxg4 15. Nhxg4 Nxg4 16. Nxg4 {½-½ (42) Dominguez Perez,L (2739)-Mamedyarov,S (2801) Saint Louis 2018}) 10... g4 11. N3h2 d5 12. f3 Ng6 (12... gxf3 $11 {keeps the balance.} 13. Qxf3 Qd6) 13. fxg4 {Black must now prevent g5.} Nxh4 14. g3 Ng6 15. Qe2 (15. Qc2 $16) 15... a5 $1 $14 16. Bc2 d4 $1 17. g5 hxg5 18. Bxg5 a4 19. c4 Qd6 20. Nd2 (20. a3 $11) 20... Ra6 ({Black should try} 20... Qb4 $15 21. Rb1 Ra6) 21. Rb1 (21. a3 $1 $11) 21... Nh7 $17 22. Qh5 Nxg5 23. Qxg5 Qe7 24. Qxe7 Nxe7 {[%cal Bg6e7,Be7f5,Bf5d6][%mdl 32]} 25. Nhf3 f5 26. Bd1 Bd7 $36 {[%mdl 2048] Black has the initiative.} 27. Nh4 Bh6 {Hoping for ...Bxd2+.} 28. exf5 (28. Nhf3 $15) 28... Nxf5 29. Ne4 Be3 {Strongly threatening ...Rh6.} 30. Be2 {[#]} (30. Nxf5 $17 Bxf5 31. Bf3) 30... Rh6 $1 $19 31. Rh2 Bc6 {aiming for ...Bxe4.} 32. Rg2 $2 (32. Kd1) 32... Nd6 {Accuracy: White = 40%, Black = 70%.} 0-1

[Event "GCT Zagreb 2019"]
[Site "Zagreb"]
[Date "2019.06.26"]
[Round "1.6"]
[White "Mamedyarov, Shakhriyar"]
[Black "Karjakin, Sergey"]
[Result "1/2-1/2"]
[WhiteElo "2774"]
[BlackElo "2748"]
[Annotator "TA"]
[PlyCount "53"]
[EventDate "2019.06.26"]
[EventType "tourn"]
[EventCountry "CRO"]
[SourceTitle "playchess.com"]
[Source "ChessBase"]
[SourceQuality "1"]

{[%evp 10,53,0,-16,-12,-11,34,32,23,23,35,31,27,59,47,27,62,37,50,24,37,18,12,14,12,21,11,11,17,38,63,63,62,47,66,0,0,0,14,0,0,0,0,0,0,0]} 1. d4 Nf6 2. c4 e6 3. Nc3 Bb4 4. f3 c5 5. d5 O-O 6. e4 b5 {E20: Nimzo-Indian: 4 g3 and 4 f3} (6... d6 7. Bg5 exd5 8. cxd5 Nbd7 9. Bd3 Ne5 10. Nge2 c4 11. Bc2 Bc5 12. Qd2 h6 13. Be3 Qb6 14. Bxc5 Qxc5 {½-½ (68) Mamedyarov,S (2817)-Aronian,L (2765) Kolkata 2018}) 7. e5 exd5 (7... Ne8 8. f4 exd5 9. cxd5 d6 10. Nf3 c4 11. a4 Nd7 12. Be2 Qb6 13. axb5 Nc7 {½-½ (60) Mamedyarov,S (2757)-Karjakin,S (2766) Khanty-Mansiysk 2014}) 8. exf6 d4 $1 {[%cal Rd4c3][%mdl 64] [#] Pin. White is slightly better.} 9. a3 $1 {[%cal Ra3b4]} Ba5 {[%mdl 64] Pin} 10. b4 $1 {Nd5 is the strong threat.} dxc3 11. bxa5 {aiming for Qd5.} Qxf6 $146 ({Predecessor:} 11... Re8+ 12. Kf2 Qxf6 {1-0 (41) Volkov,S (2627)-Pavlov,S (2485) Moscow 2014}) 12. Qd5 Re8+ 13. Kf2 $1 c2 $1 (13... Qe7 $2 14. Bg5 $18) 14. Ra2 Bb7 $1 {[%cal Rb7d5]} 15. Qd2 (15. Qg5 $5 {[%cal Rg5f6]} Qd4+ {[%mdl 64] Double Attack} 16. Kg3 $11) 15... bxc4 16. Rxc2 d5 17. Bb2 Qh4+ 18. g3 Qe7 19. Ne2 Nc6 {[%cal Bb8c6,Bc6b4,Bb4d3,Bd3e1][%mdl 32] Black wants to play ...d4.} 20. a6 Bxa6 {Hoping for ...d4.} 21. Qxd5 Bb7 (21... c3 $2 22. Bxc3 Rad8 {[#]} 23. Qe4 $1 $18 {[%mdl 512]} (23. Qxc6 Bb7 $11)) 22. Qe4 ({Don't go for} 22. Qxc4 $2 Qe3+ 23. Kg2 (23. Ke1 $2 Nd4 $19 {[%mdl 64] Double Attack}) 23... Ne5 $19) (22. Qd2 $14) 22... Nb4 $1 $36 {[%mdl 2048] The position is equal. Black is pushing.} 23. Qxe7 Nd3+ 24. Kg2 Ne1+ 25. Kf2 Nd3+ 26. Kg2 Ne1+ 27. Kf2 {Accuracy: White = 78%, Black = 89%.} 1/2-1/2

[Event "GCT Zagreb 2019"]
[Site "Zagreb"]
[Date "2019.06.27"]
[Round "2.1"]
[White "Carlsen, Magnus"]
[Black "Anand, Viswanathan"]
[Result "1/2-1/2"]
[WhiteElo "2875"]
[BlackElo "2767"]
[Annotator "TA"]
[PlyCount "155"]
[EventDate "2019.06.26"]
[EventType "tourn"]
[EventCountry "CRO"]
[SourceTitle "playchess.com"]
[Source "ChessBase"]
[SourceQuality "1"]

{[%evp 18,155,0,9,39,31,36,20,29,13,63,18,14,20,18,22,17,25,22,24,47,26,20,23,28,27,29,29,31,28,52,50,43,51,81,37,33,36,67,76,76,58,62,42,97,95,100,105,101,97,112,112,116,117,185,185,185,183,185,185,185,139,185,185,184,179,166,182,183,177,168,154,165,155,155,160,157,8,8,8,8,8,141,45,52,52,74,8,8,8,8,8,8,8,8,8,8,8,8,12,15,19,101,20,137,137,144,144,144,144,144,144,144,144,144,144,144,144,144,144,144,144,144,144,144,144,144,144,144,8,8,8,8,8,8,8,8,8,8,8]} 1. d4 Nf6 2. c4 e6 3. Nf3 d5 4. Nc3 dxc4 5. e4 Bb4 6. Bg5 c5 7. Bxc4 cxd4 8. Nxd4 Bxc3+ 9. bxc3 Qa5 10. Bb5+ Bd7 {D39: Queen's Gambit Declined: Ragozin Defence with 5 Bg5 dxc4} (10... Nbd7 {with more complications.} 11. Bxf6 Qxc3+ 12. Ke2 gxf6 13. Rc1 Qb4) 11. Bxf6 $1 gxf6 12. Bxd7+ Nxd7 13. O-O Qxc3 14. Qa4 O-O 15. Nxe6 Nb6 16. Qd4 Rfc8 17. Qxc3 Rxc3 18. Nf4 {[#]} Rc5 $146 19. Rfd1 f5 20. exf5 Rac8 21. f6 Rf5 22. g3 Rxf6 23. Rd3 Rfc6 24. Ra3 Rc1+ 25. Rxc1 Rxc1+ $14 {[%mdl 4096] Endgame KRN-KRN} 26. Kg2 Nc8 27. Rd3 Rc7 28. Rd8+ Kg7 29. h4 Ne7 30. Nh5+ Kh6 (30... Kg6 $14 31. g4 f5) 31. Nf6 $1 $16 Kg6 32. Ne8 $1 Rc6 33. Rd7 {[%mdl 64] Double Attack} Re6 {[#]} 34. h5+ $1 {[%mdl 512]} Kh6 (34... Kxh5 35. Ng7+) 35. Nd6 (35. Rxb7 Nc8 $14) 35... f5 (35... Kxh5 $16 {was worth a try.} 36. Nxf7 Nc6) 36. Nxb7 $18 (36. Rxb7 Rxd6 37. Rxe7 Ra6 $11) 36... Ng8 37. Nd6 Nf6 38. Nxf5+ Kg5 39. Nd4 ({Stronger than} 39. Rxa7 Kxf5 40. f3 Ke5 $11) 39... Nxd7 40. Nxe6+ Kxh5 $16 {KN-KN} 41. Kf3 Kg6 42. Kf4 Kf6 43. Ng5 h6 44. Ne4+ Ke6 45. Kg4 Ke5 46. f3 Kd4 47. Kf5 ({Better is} 47. Kf4 $16) 47... Ke3 $1 $11 48. f4 h5 $1 49. Ng5 Nc5 {[#]} (49... Kf2 $1 $11) 50. Kg6 (50. Kf6 $1 $16 Kf2 51. f5 Kxg3 52. Ke7) 50... Kf2 $1 $14 51. f5 {Black must now prevent f6.} ({Not} 51. Kxh5 Kxg3 52. f5 Nd7 $18) 51... Kxg3 52. Ne6 (52. Kxh5 $16 {aiming for f6.} Nd7 53. Ne6) 52... Nd7 $1 $11 53. Kxh5 {Strongly threatening Kg5.} Kf3 54. Kg5 Ke4 55. Nc7 {Hoping for Ne8.} a5 56. Nb5 Kd3 57. Kg6 {Threatens to win with Kf7.} a4 58. Kf7 {Threatening Ke6.} Ne5+ 59. Kf6 Nf3 {[#]} (59... Nd7+ $1 $11 {remains equal.} 60. Ke6 Nf8+ 61. Kf7 Nd7) 60. Ke7 (60. Kg7 $1 $16) 60... Kc2 (60... Ne5 $11 {keeps the balance.}) 61. f6 $16 {Nd4+! is the strong threat.} Ng5 62. Nd4+ Kb2 63. Ne6 Nh7 64. f7 {And now Ng5! would win.} Kxa2 {[#]} 65. Ng5 $1 {[%mdl 512]} a3 (65... Nxg5 66. f8=Q) 66. Nxh7 {KN-KP} Kb1 67. f8=Q {Intending Qf5+ and mate.} a2 68. Qf5+ Kb2 69. Qe5+ Kb1 70. Qe4+ Kb2 71. Qe2+ Kb1 72. Nf6 {White wants to mate with Qd1+.} a1=Q 73. Nd5 (73. Qe4+ $16 Kc1 74. Nd5 (74. Qe1+ Kb2 $16)) 73... Qg7+ $11 {The position is equal.} 74. Kd6 Qf8+ 75. Ke5 Qe8+ 76. Kd4 Qxe2 77. Nc3+ {[%mdl 64] Double Attack} Ka1 78. Nxe2 {Accuracy: White = 64%, Black = 63%.} 1/2-1/2

[Event "GCT Zagreb 2019"]
[Site "Zagreb"]
[Date "2019.06.27"]
[Round "2.2"]
[White "Nepomniachtchi, Ian"]
[Black "Caruana, Fabiano"]
[Result "1-0"]
[WhiteElo "2775"]
[BlackElo "2819"]
[Annotator "TA"]
[PlyCount "99"]
[EventDate "2019.06.26"]
[EventType "tourn"]
[EventCountry "CRO"]
[SourceTitle "playchess.com"]
[Source "ChessBase"]
[SourceQuality "1"]

{[%evp 16,99,20,15,4,0,10,0,0,0,28,29,41,14,41,38,30,19,39,33,41,28,29,26,29,-5,0,-75,-13,-28,0,0,0,0,0,-212,-40,-46,-42,-43,-39,-35,-39,-211,-192,-190,-148,-148,-150,-135,-139,-167,-147,-145,0,0,0,0,0,0,0,0,220,209,200,205,416,412,450,464,462,462,446,436,941,930,868,841,994,437,1125,1218,1204,1154,1077,810]} 1. e4 c5 2. Nf3 Nc6 3. d4 cxd4 4. Nxd4 Nf6 5. Nc3 e5 6. Ndb5 d6 7. Nd5 Nxd5 8. exd5 Nb8 9. a4 Be7 {B33: Sicilian: Pelikan and Sveshnikov Variations} 10. Bd2 $146 ({Predecessor:} 10. Be2 O-O 11. O-O f5 12. f4 a6 13. Na3 Nd7 14. Nc4 b6 15. fxe5 Nxe5 16. Be3 Nxc4 17. Bxc4 Bf6 18. Bd4 Bd7 19. Kh1 Re8 20. c3 Bxd4 21. Qxd4 {½-½ (52) Nepomniachtchi,I (2773)-Carlsen,M (2861) Abidjan 2019}) 10... O-O 11. a5 a6 {The position is equal.} 12. Na3 Nd7 13. Nc4 f5 14. Bb4 Rf6 15. Qd2 Rg6 16. g3 e4 17. h4 b5 18. axb6 Nxb6 19. Na5 Bd7 20. O-O-O Bf6 21. Nc6 (21. Re1 $1 $11) 21... Qe8 (21... Qc7 $1 $17) 22. Kb1 (22. Bxd6 Bxb2+ 23. Kxb2 Rxd6 $17) 22... Kh8 (22... e3 $5 23. fxe3 Kh8 $14) 23. h5 (23. Bxd6 Bxb2 24. Qb4 Bc3 $17) 23... Rh6 24. Qe3 ({Much worse is} 24. Bxd6 Bxb2 25. Qb4 Nxd5 $17) 24... Na4 25. c3 $2 (25. Ba3 $1 $11) 25... Rxh5 $2 (25... Bxc6 $19 26. dxc6 Qxc6 27. Rxd6 Qb7 28. Rxf6 Rxf6) 26. Rxh5 $15 Qxh5 27. Be2 Qe8 28. Kc2 h6 29. Qf4 $2 (29. Bc4 $15) 29... a5 $1 $19 {[%cal Ra5b4]} 30. Nxa5 {[#]} Nxc3 $1 {[%mdl 512]} 31. bxc3 {Black must now prevent Ra1.} Ba4+ 32. Kb1 Bxd1 33. Bxd1 Qb5 {[%mdl 64] Double Attack} 34. Nb3 Bg5 (34... Qxd5 $17 35. Qd2 Qc4) 35. Qxf5 $11 {Hoping for Bc2.} Qf1 36. Qg4 Rf8 $1 {[%cal Rf8f2]} ({But not} 36... Qxf2 $6 37. Bc2 $16 (37. Qe2 e3 $14)) 37. Kb2 $1 {aiming for Bc2.} Rxf2+ 38. Bc2 $1 {[#]} Qc4 $2 {[#]} (38... Bc1+ $1 $11 {[%mdl 512] and Black is okay.} 39. Nxc1 Qg2) 39. Qe6 $1 $18 {And now Nd4 would win.} Bf6 {next ...Qxb4 is good for Black.} 40. Qxd6 Rxc2+ $2 (40... Kh7 {was necessary.} 41. Qc5 Rxc2+ 42. Kxc2 Qd3+ 43. Kb2 e3) 41. Kxc2 Qd3+ 42. Kb2 {White is clearly winning.} e3 43. Qe6 e2 {intending ...Qd1.} 44. Ka3 Bg5 (44... Qc4 $142 45. Nd4 Qxd5 46. Qc8+ Kh7 47. Nxe2 Be5 48. Qf5+ g6) 45. d6 Qa6+ 46. Kb2 Qd3 47. d7 (47. c4 $142 Qf3 48. c5) 47... Kh7 (47... Bf6 $142 48. Ka3 Qxd7 49. Qxd7 e1=Q) 48. c4 Bf6+ 49. Ka3 Qc2 {[#]} 50. c5 {Played: Qe6xf6} 1-0

[Event "GCT Zagreb 2019"]
[Site "Zagreb"]
[Date "2019.06.27"]
[Round "2.3"]
[White "Ding, Liren"]
[Black "Karjakin, Sergey"]
[Result "1/2-1/2"]
[WhiteElo "2805"]
[BlackElo "2748"]
[Annotator "TA"]
[PlyCount "102"]
[EventDate "2019.06.26"]
[EventType "tourn"]
[EventCountry "CRO"]
[SourceTitle "playchess.com"]
[Source "ChessBase"]
[SourceQuality "1"]

{[%evp 15,102,0,0,0,2,2,6,14,20,-26,-29,-14,-25,-27,-27,-28,-26,-26,-29,-27,-23,-29,-12,-12,-12,-6,-10,-20,0,0,0,0,39,0,27,19,50,51,48,46,47,18,58,41,47,61,56,41,47,55,49,41,44,45,97,82,168,114,106,96,44,0,163,0,0,0,0,0,0,0,0,0,0,0,0,0,0,0,0,0,0,0,7,0,0,0,7,0,0]} 1. d4 Nf6 2. c4 e6 3. g3 Bb4+ 4. Bd2 Be7 5. Bg2 d5 6. Nf3 O-O 7. O-O Nbd7 8. Qc2 c6 9. Rc1 {E11: Bogo-Indian} (9. Rd1 b6 10. Bf4 Ba6 11. Nbd2 Nh5 12. Be3 Bd6 13. Rac1 Qe7 14. Bg5 f6 15. Be3 Rfc8 16. Qa4 Bb7 17. cxd5 exd5 18. Ne1 {1-0 (32) Ding,L (2805)-Karjakin,S (2752) Abidjan 2019}) 9... Re8 10. a3 $146 ({Predecessor:} 10. b3 Ne4 11. Nc3 Nxd2 12. Nxd2 g6 13. Rab1 Qa5 14. e4 dxe4 15. Ncxe4 f5 16. Nc3 e5 {½-½ (46) Wei,Y (2729)-Fedoseev,V (2707) Danzhou 2018}) 10... a5 11. Bf4 Ne4 12. Nc3 g5 {[#] ...Nxc3 is the strong threat.} 13. Be3 Nd6 14. b3 Nf5 15. Qd3 g4 16. Nd2 $1 {[%cal Rc4d5]} Nxe3 17. Qxe3 Bg5 18. Qd3 dxc4 19. Nxc4 Bxc1 20. Rxc1 Nb6 21. Ne5 f5 22. e4 Qg5 23. Ne2 Nd7 24. Nf4 (24. Nc4 {is more complex.} fxe4 25. Bxe4 Nf6 26. Re1 Re7 27. Nb6) 24... Nxe5 25. dxe5 Rd8 26. Qe3 Bd7 27. h4 gxh3 $1 28. Bxh3 Be8 29. Qc5 ({Much worse is} 29. Nxe6 Qxe3 30. fxe3 Rd3 $15) 29... Bh5 $1 30. exf5 exf5 31. e6 Rd1+ $1 32. Rxd1 Bxd1 33. Bxf5 Qf6 34. Bd3 {[%mdl 1024] White has compensation.} Bf3 ({Black should try} 34... Bxb3 $14 35. Qb6 {[%mdl 64] Double Attack} Bxe6) 35. Qe3 $16 Bd5 (35... Qa1+ $16 36. Bf1 Bg4) 36. Nh5 ({Better is} 36. Nxd5 $18 cxd5 37. Bb5) 36... Qe7 37. Qe5 {Threatens to win with Nf6+.} Rf8 38. g4 h6 $2 {[#]} (38... Bxb3 $11 {and Black has nothing to worry.} 39. g5 Bxe6) 39. f4 $2 (39. Bc4 $1 $18) 39... b5 $1 $11 {The position is equal.} 40. b4 axb4 41. axb4 {next f5 is good for White.} Bxe6 42. f5 Qa7+ 43. Kf1 Qf7 44. Kf2 Qa7+ 45. Kf1 Qf7 46. Kf2 Qa7+ 47. Kg2 Bd5+ 48. Kh3 Qf7 49. Kh4 Qa7 {And now ...Qf2+ would win.} 50. Kh3 Qf7 51. Kh4 Qa7 {Accuracy: White = 69%, Black = 64%.} 1/2-1/2